000 00591nam a2200205 a 4500
001 000034607
005 20200930073807.0
008 111010s1998 sp 000 0 spa d
020 _a8489680906
040 _aDO-SdBNP
_bspa
_cBNPHU
082 _axxxx
_bF995e, 1998
100 1 _aFuster, Lewis
_960048
245 1 0 _aElimine las preocupaciones y sea feliz. /
_cLewis Fuster; traducción Gema Gil.
250 _a2a ed.
260 _aEspaña :
_bFapa Ediciones,
_c1998.
300 _a63 p. ;
_c23 cm.
490 1 _aAutoayuda
700 1 _aGil, Gema
_etr.
_960049
830 0 _aAutoayuda
_955295
999 _c34098
_d34098